| 000 | 00446nam a22001817a 4500 | ||
|---|---|---|---|
| 003 | CEME | ||
| 005 | 20210628203451.0 | ||
| 008 | 210122b xxu||||| |||| 00| 0 eng d | ||
| 020 | _a81-87336-80-3 | ||
| 040 | _c. | ||
| 082 | _a540 YAD | ||
| 100 |
_aYadav, M.S _965631 |
||
| 245 | _aChemistry of representative elements | ||
| 260 |
_aNEW DELHI _bDOMINANT PUBLISHER _c2001 |
||
| 300 | _a2VOLS | ||
| 650 |
_aCHEMISTRY. _93285 |
||
| 942 |
_cBK _2ddc |
||
| 999 |
_c573785 _d573785 |
||